Competitive Frontiers Women Managers in a Global Economy
Gespeichert in:
| Weitere Verfasser: | , |
|---|---|
| Format: | Buch |
| Sprache: | Englisch |
| Veröffentlicht: |
Cambridge
Blackwell Publ
1994
|
| Ausgabe: | 1. ed. |
| Schlagworte: | |
| Tags: |
Keine Tags, Fügen Sie das erste Tag hinzu!
|
MARC
| LEADER | 00000nam a2200000 4500 | ||
|---|---|---|---|
| 001 | c019660 | ||
| 005 | 20221205140403.8 | ||
| 020 | |a 1-55786-510-8 | ||
| 041 | 0 | |a eng | |
| 044 | |a US | ||
| 245 | 1 | 0 | |a Competitive Frontiers |b Women Managers in a Global Economy |c Edit. Nancy J. Adler, Dafna N. Izraeli |
| 250 | |a 1. ed. | ||
| 264 | 1 | |a Cambridge |b Blackwell Publ |c 1994 | |
| 300 | |a 414 s. | ||
| 610 | 2 | 0 | |a podnikanie medzinárodné |
| 610 | 2 | 0 | |a podnikanie obchodné |
| 610 | 2 | 0 | |a podnikatelia |
| 610 | 2 | 0 | |a ženy |
| 610 | 2 | 0 | |a práca riadiaca |
| 610 | 2 | 0 | |a práca žien |
| 610 | 2 | 0 | |a konkurencia |
| 610 | 2 | 0 | |a konkurencia medzinárodná |
| 610 | 2 | 0 | |a konkurencieschopnosť |
| 610 | 2 | 0 | |a manažéri |
| 700 | 1 | |a Adler, Nancy J. | |
| 700 | 1 | |a Izraeli, Dafna N. | |